000 00437nam a22001817a 4500
003 MPLRDC
005 20220104124847.0
008 210129b ||||| |||| 00| 0 eng d
082 _a868.71 ZXS v.23
100 _a甄供主编
245 _a记一片土地
_c
250 _a一版一刷
260 _a
_b董总
_c1996
300 _b
490 _a中学生丛书之廿三
650 _a马华文学
942 _cBK
_o868.71 ZXS v.23
999 _c22742
_d22732